Zara door chalne ki hasrat rahe hai (Record no. 1679602)

MARC details
000 -LEADER
fixed length control field 00679 a2200217 4500
005 - DATE AND TIME OF LATEST TRANSACTION
control field 20260413104517.0
008 - FIXED-LENGTH DATA ELEMENTS--GENERAL INFORMATION
fixed length control field 260413b |||||||| |||| 00| 0 eng d
037 ## - SOURCE OF ACQUISITION
Terms of availability TB
040 ## - CATALOGING SOURCE
Original cataloging agency CRL
Transcribing agency CRL
041 ## - LANGUAGE CODE
Source of code URD
Language code of text/sound track or separate title URD
084 ## - COLON CLASSIFICATION NUMBER
Classification number O168,1N72x Q7
Assigning agency CRL
100 ## - MAIN ENTRY--PERSONAL NAME
Personal name Tabassum Fatima
9 (RLIN) 1115688
245 ## - TITLE STATEMENT
Title Zara door chalne ki hasrat rahe hai
260 ## - PUBLICATION, DISTRIBUTION, ETC.
Place of publication, distribution, etc. Delhi, India:
Name of publisher, distributor, etc. Adab silsila publications,
Date of publication, distribution, etc. 2017.
300 ## - PHYSICAL DESCRIPTION
Extent 120p.
365 ## - TRADE PRICE
Price amount 200.00
Currency code INR
650 ## - SUBJECT ADDED ENTRY--TOPICAL TERM
Topical term or geographic name entry element Urdu Literature
650 ## - SUBJECT ADDED ENTRY--TOPICAL TERM
Topical term or geographic name entry element Urdu Poetry
942 ## - ADDED ENTRY ELEMENTS (KOHA)
Koha item type Textbook
Source of classification or shelving scheme Colon Classification (CC)
Classification part O168,1N72x Q7
Holdings
Withdrawn status Lost status Source of classification or shelving scheme Damaged status Not for loan Home library Current library Date acquired Source of acquisition Cost, normal purchase price Inventory number Total Checkouts Full call number Barcode Date last seen Cost, replacement price Price effective from Koha item type
    Colon Classification (CC)     Central Library Central Library 2026-02-14 Nadwi Publications 160.00 2049 & 14.02.2026   O168,1N72x Q7 CL1926186 2026-02-14 200.00 2026-02-14 Textbook
Copyright @ Delhi University Library System